[Event "Tom Weston Open Major"]
[Site "Cardiff"]
[Date "2016.03.28"]
[Round "7.9"]
[White "Sivarajasingam, Shayanna"]
[Black "Williams, Stephen"]
[Result "1-0"]
[WhiteElo "1524"]
[BlackElo "1724"]
[PlyCount "92"]
[EventDate "2016.03.25"]
[EventRounds "7"]
[EventCountry "WLS"]

1. e4 c6 2. d4 d5 3. Nc3 dxe4 4. Nxe4 Bf5 5. Ng3 Bg6 6. h4 h6 7. Nf3 Nd7 8. h5
Bh7 9. Bd3 Bxd3 10. Qxd3 e6 11. Bf4 Qa5+ 12. Bd2 Qc7 13. O-O-O Ngf6 14. Ne4
Nxe4 15. Qxe4 Nf6 16. Qe2 O-O-O 17. Kb1 Kb8 18. c4 Bd6 19. g3 Rhe8 20. c5 Nd5
21. cxd6 Qxd6 22. Qe5 f6 23. Qxd6+ Rxd6 24. Rhe1 b6 25. Re2 Kc7 26. Rde1 Kd7
27. Ne5+ Kc7 28. Nc4 Rd7 29. Rxe6 Red8 30. R6e2 Kb7 31. Kc2 Nc7 32. Bc3 Rd5 33.
g4 Nb5 34. Re7+ R8d7 35. Rxd7+ Rxd7 36. Re4 Nc7 37. f3 Nd5 38. Ne3 Nc7 39. Nf5
Nd5 40. Re8 Nc7 41. Re7 Rxe7 42. Nxe7 Ne6 43. Nf5 Kc7 44. Kd3 Kd7 45. Bd2 Kc7
46. Be3 Kd7 1-0

[Event "Tom Weston Open Major"]
[Site "Cardiff"]
[Date "2016.03.28"]
[Round "7.10"]
[White "Hunt, Bill"]
[Black "Evans, James"]
[Result "1-0"]
[WhiteElo "1544"]
[BlackElo "1478"]
[PlyCount "117"]
[EventDate "2016.03.25"]
[EventRounds "7"]
[EventCountry "WLS"]

1. e4 c5 2. c3 Nf6 3. e5 Nd5 4. Bc4 Nb6 5. Bb3 Nc6 6. Nf3 e6 7. O-O d6 8. d4 d5
9. Be3 cxd4 10. cxd4 Be7 11. Nc3 O-O 12. Rc1 Bd7 13. Bc2 Nb4 14. Bb1 Nc4 15.
Qe2 Qb6 16. a3 Nxe3 17. fxe3 Nc6 18. h4 Qd8 19. Nb5 a6 20. Nd6 Bxd6 21. exd6 h6
22. h5 Be8 23. Ne5 Qxd6 24. Qc2 f5 25. Nxc6 bxc6 26. Qf2 Bxh5 27. Qh4 Be8 28.
Rf3 Qd8 29. Qf2 Qf6 30. e4 Bh5 31. e5 Qg5 32. Rfc3 Be8 33. Rf1 Bd7 34. Rg3 Qe7
35. Rg6 Be8 36. Rg3 Rb8 37. b4 Rb5 38. Bd3 Rb6 39. Qe2 Qa7 40. Qd2 Rb8 41. Bb1
Kh7 42. Rh3 Qf7 43. Qd3 Ra8 44. Qd2 Qg6 45. Rff3 Rg8 46. Rfg3 Qf7 47. Rh2 Qf8
48. Rgh3 Bg6 49. Rg3 Be8 50. Rgh3 Rh8 51. Rg3 g6 52. Rgh3 h5 53. Qg5 Ra7 54.
Qc1 Qh6 55. Qd1 a5 56. g4 fxg4 57. Rxh5 Kg7 58. Rxh6 Rxh6 59. Rxh6 1-0

[Event "Tom Weston Open Major"]
[Site "Cardiff"]
[Date "2016.03.28"]
[Round "7.11"]
[White "Christmas, Steve"]
[Black "Prob, Malcolm"]
[Result "1-0"]
[WhiteElo "1923"]
[BlackElo "1641"]
[PlyCount "61"]
[EventDate "2016.03.25"]
[EventRounds "7"]
[EventCountry "WLS"]

1. d4 e6 2. Nf3 c5 3. c3 cxd4 4. cxd4 d5 5. Nc3 Nc6 6. Bf4 Nf6 7. e3 a6 8. Be2
b5 9. O-O Bb7 10. Rc1 Rc8 11. h3 Bd6 12. Bh2 O-O 13. Bd3 Qe7 14. Bb1 Rfd8 15.
Re1 e5 16. dxe5 Nxe5 17. Nd4 Ne4 18. f4 Ng6 19. g3 Qd7 20. g4 Ne7 21. Rc2 g5
22. Rf1 Ng6 23. Nce2 h5 24. Nf5 Bc5 25. Ned4 hxg4 26. Qxg4 Bxd4 27. exd4 f6 28.
fxg5 fxg5 29. Rg2 Qe6 30. h4 Nf6 31. Qxg5 1-0

[Event "Tom Weston Open Major"]
[Site "Cardiff"]
[Date "2016.03.28"]
[Round "7.12"]
[White "Parri, Deio"]
[Black "Llewellyn, Alan M"]
[Result "1-0"]
[WhiteElo "1681"]
[BlackElo "1514"]
[PlyCount "43"]
[EventDate "2016.03.25"]
[EventRounds "7"]
[EventCountry "WLS"]

1. d4 Nf6 2. c4 g6 3. Nc3 d5 4. Nf3 Bg7 5. e3 c6 6. Be2 O-O 7. O-O Bg4 8. h3
Bxf3 9. Bxf3 dxc4 10. Qe2 b5 11. Nxb5 Nd5 12. Na3 c3 13. Bxd5 cxb2 14. Bxf7+
Rxf7 15. Bxb2 Nd7 16. Nc4 Rb8 17. Rab1 c5 18. dxc5 Bxb2 19. Rxb2 Nxc5 20. Ne5
Rxb2 21. Qxb2 Nd3 22. Nxf7 1-0

[Event "Tom Weston Open Major"]
[Site "Cardiff"]
[Date "2016.03.28"]
[Round "7.13"]
[White "Hurn, Robert AJ"]
[Black "Govindaraj, Neya"]
[Result "1/2-1/2"]
[WhiteElo "1654"]
[BlackElo "1229"]
[PlyCount "41"]
[EventDate "2016.03.25"]
[EventRounds "7"]
[EventCountry "WLS"]

1. d4 Nf6 2. Nf3 c5 3. e3 g6 4. Bd3 Bg7 5. c4 O-O 6. O-O d6 7. Nbd2 Nc6 8. a3
a6 9. b3 Rb8 10. Bb2 Qc7 11. d5 Ne5 12. Nxe5 dxe5 13. e4 Bg4 14. Nf3 Nd7 15. h3
Bxf3 16. Qxf3 b5 17. Rab1 b4 18. a4 a5 19. Bc2 Rb6 20. Rbd1 f6 21. Ba1 1/2-1/2

[Event "Tom Weston Open Major"]
[Site "Cardiff"]
[Date "2016.03.28"]
[Round "7.14"]
[White "Lutchman Singh, Aishwarya"]
[Black "Buttell, David"]
[Result "0-1"]
[WhiteElo "1440"]
[BlackElo "1813"]
[PlyCount "116"]
[EventDate "2016.03.25"]
[EventRounds "7"]
[EventCountry "WLS"]

1. d4 d5 2. Nf3 Nf6 3. Bf4 Bf5 4. e3 e6 5. Nbd2 Nbd7 6. c3 c6 7. Be2 h6 8. c4
Nh5 9. Bg3 Nxg3 10. hxg3 Nf6 11. Ne5 Bd6 12. g4 Bh7 13. f4 Bxe5 14. dxe5 Ne4
15. Rh3 Qa5 16. Bd3 Nxd2 17. Qxd2 Qxd2+ 18. Kxd2 Bxd3 19. Kxd3 Ke7 20. cxd5
cxd5 21. Rc1 Rhc8 22. Rhh1 Kd7 23. e4 dxe4+ 24. Kxe4 Ke7 25. Rhd1 Rxc1 26. Rxc1
Rd8 27. Rc7+ Rd7 28. Rxd7+ Kxd7 29. Kd4 Kc6 30. Kc4 g6 31. g3 b5+ 32. Kd4 a5
33. a3 a4 34. Kc3 Kc5 35. b4+ Kd5 36. Kd3 g5 37. Ke3 Kc4 38. Ke4 Kb3 39. Kd4
Kxa3 40. Kc5 Kb3 41. Kxb5 a3 42. Kc6 Kxb4 43. Kd7 a2 44. Ke7 a1=Q 45. Kxf7 Qd1
46. Kxe6 Qxg4+ 47. Kf6 gxf4 48. gxf4 Qxf4+ 49. Ke6 h5 50. Kd6 h4 51. Kd5 h3 52.
e6 h2 53. e7 Qf7+ 54. Kd6 Qe8 55. Ke6 h1=Q 56. Kd6 Qhc6+ 57. Ke5 Qxe7+ 58. Kd4
Qee4# 0-1

[Event "Tom Weston Open Major"]
[Site "Cardiff"]
[Date "2016.03.28"]
[Round "7.15"]
[White "Fox, Chris"]
[Black "Fowler, Hugo"]
[Result "0-1"]
[WhiteElo "1727"]
[BlackElo "1558"]
[PlyCount "60"]
[EventDate "2016.03.25"]
[EventRounds "7"]
[EventCountry "WLS"]

1. c4 c5 2. Nc3 Nc6 3. g3 g6 4. Bg2 Bg7 5. d3 d6 6. e4 e5 7. Nge2 Nge7 8. O-O
O-O 9. Be3 Be6 10. Qd2 f5 11. f4 fxe4 12. dxe4 Bxc4 13. Rfd1 Bxe2 14. Nxe2 Nd4
15. Qd3 Nec6 16. Qc4+ Kh8 17. Nc3 Nc2 18. Bxc5 Nxa1 19. Bxd6 Re8 20. Bxe5 Qb6+
21. Kh1 Bxe5 22. fxe5 Nxe5 23. Qe2 Rf8 24. Nd5 Qc5 25. b4 Qc2 26. Qe1 Nd3 27.
Rxd3 Qxd3 28. Qxa1+ Kg8 29. e5 Rad8 30. Ne7+ Kf7 0-1

[Event "Tom Weston Open Major"]
[Site "Cardiff"]
[Date "2016.03.28"]
[Round "7.16"]
[White "Herkes, Steve"]
[Black "O'Rourke, Kevin"]
[Result "0-1"]
[WhiteElo "1521"]
[BlackElo "1393"]
[PlyCount "80"]
[EventDate "2016.03.25"]
[EventRounds "7"]
[EventCountry "WLS"]

1. e4 e5 2. Nf3 d6 3. Nc3 a6 4. g3 Nc6 5. Bg2 Nf6 6. O-O Bg4 7. d3 h6 8. a3 Nh7
9. Nd5 Nd4 10. c3 c6 11. Ne3 Nxf3+ 12. Bxf3 Bh3 13. Ng2 Ng5 14. Bh5 Qd7 15. f4
Bxg2 16. Kxg2 exf4 17. Bxf4 Ne6 18. Be3 O-O-O 19. Rxf7 Be7 20. Bg4 h5 21. Bh3
Rhg8 22. Bg5 Rde8 23. Qxh5 Rh8 24. Qg4 Rxh3 25. Kxh3 Nxg5+ 26. Kg2 Qxg4 27. Rf4
Qh3+ 28. Kg1 Rh8 29. Rf2 Nf3+ 30. Rxf3 Qxh2+ 31. Kf1 Qh1+ 32. Ke2 Qxa1 33. Rf7
Qxb2+ 34. Ke3 Bg5+ 35. Kf3 Qxc3 36. Kg4 Bf6 37. Kf5 Qxd3 38. g4 Qf3+ 39. Ke6
Qxe4+ 40. Kxd6 Qd5# 0-1